• 首页
  • 本馆介绍
  • 公告通知
  • 最新文献
  • 馆藏检索
  • 电子资源
  • 读者导购
  • 参考咨询
  • 我的图书馆
  • 登录
  • 详细信息显示
  • 放入我的书架
  • 预约/预借图书
  • 作者相关作品
  • 分类相关作品
  • 丛书相关作品
  • 出版社相关作品

书目信息

  • 表格格式
  • 工作单格式
  • 卡片格式
题名:
分配革命
    
 
作者: 何传启
分册:  
出版信息: 北京   经济管理出版社  2001
页数: 320
开本: 21cm
丛书名:
单 册:
中图分类: F014.4
科图分类:
主题词: 政治经济学--概论
电子资源:
ISBN: 7-80162-093-3
000 00552nam0 2200193 450
001 0760515518
005 20070817164835.51
010    @a7-80162-093-3@d¥22.00
100    @a20070817d km y0chiy0120 ea
101 0  @achi
200 1  @a分配革命@Afen pei ge ming@e按贡献分配@f何传启@Fhe chuan qi
210    @a北京@c经济管理出版社@d2001
215    @a320@d21cm
517 1  @a按贡献分配@Aan gong xian fen pei
606 0  @a政治经济学@x概论
690    @aF014.4@v3
701  0 @a何传启@Ahe chuan qi
801  0 @aCN@bPFT@c20070817
905    @a213230@dF014.4@eg28@f1
    
    分配革命:按贡献分配/何传启.-北京:经济管理出版社,2001
    320;21cm
    
    
    ISBN 7-80162-093-3:¥22.00
    
●
相关链接 在E读中查询图书 在五车中查询图书 在当当中查询图书 在豆瓣中查询图书


正题名:分配革命     索取号:F014.4/g28         预约/预借

序号 登录号 条形码 馆藏地/架位号 状态 备注
1 6501640   265016403   密集书库-海洋学院/ [索取号:F014.4/g28] 在馆    
唐山师范学院图书馆 欢迎您!
大连网信软件有限公司© 版权所有